[Event "Ruhrgebiet Verbandsklasse Gruppe 1 1819"]
[Site "Nordrheinwestfalen"]
[Date "2019.05.05"]
[Round "9.8"]
[White "Malina, Fredi"]
[Black "Brandhoff, Gerd"]
[Result "1/2-1/2"]
[WhiteElo "1666"]
[BlackElo "1755"]
[PlyCount "80"]
[EventDate "2018.09.23"]
[EventType "team-tourn"]
[EventRounds "9"]
[EventCountry "GER"]
[SourceTitle "EXT 2022"]
[Source "ChessBase"]
[SourceDate "2021.10.06"]
[SourceVersion "1"]
[SourceVersionDate "2021.10.06"]
[SourceQuality "1"]
[WhiteTeam "Horst Emscher II"]
[BlackTeam "Guennigfeld SV"]
[WhiteTeamCountry "GER"]
[BlackTeamCountry "GER"]

1. d4 d5 2. Nc3 Nf6 3. Bf4 c6 4. h3 Bf5 5. e3 h6 6. Bd3 Qd7 7. Nf3 Bxd3 8. Qxd3 e6 9. Ne5 Qd8 10. 0-0 Nbd7 11. Rfe1 Nxe5 12. Bxe5 Bd6 13. Bxd6 Qxd6 14. e4 dxe4 15. Nxe4 Nxe4 16. Qxe4 0-0 17. c3 Rad8 18. Re3 Qe7 19. Rae1 Rd5 20. Rg3 Rg5 21. Ree3 Rd8 22. h4 Rxg3 23. Rxg3 Rd5 24. Qf4 a6 25. Qxh6 f6 26. Qg6 Qf7 27. Qxf7+ Kxf7 28. Re3 a5 29. a4 b5 30. axb5 Rxb5 31. Re2 Ke7 32. Kf1 Rb3 33. Rc2 a4 34. Ke2 Kd6 35. Kd3 Kd5 36. Re2 a3 37. bxa3 Rxa3 38. Rb2 Ra7 39. Rb8 Kd6 40. Rb2 Kc7 1/2-1/2